| 000 | 00496nam a22001577a 4500 | ||
|---|---|---|---|
| 082 | _aBEE-4 HAM | ||
| 100 |
_aAmeer Hamza Cheema _993480 |
||
| 245 | _aSmart solar energy system with improved power factor | ||
| 260 |
_aIslamabad _bNUST-SEECS _c2016 |
||
| 300 |
_a40p. _b27cm. _eCD Includes |
||
| 500 | _aSupervisors: Dr. Salman Abdul Ghafoor, Mr. Ahsan Azhar | ||
| 563 | _aHB | ||
| 700 |
_aZahid Mehmood _954731 |
||
| 856 | _uhttp://10.250.8.41:8080/xmlui/handle/123456789/9727 | ||
| 942 |
_cPR _2ddc |
||
| 999 |
_c13633 _d13633 |
||